[Event "RUS-chT Women Rapid 2019"]
[Site "Sochi"]
[Date "2019.10.19"]
[Round "8.12"]
[White "Obolentseva, Alexandra"]
[Black "Markelova, Lubov"]
[Result "1-0"]
[WhiteElo "2282"]
[BlackElo "2198"]
[Annotator "NA"]
[PlyCount "81"]
[EventDate "2019.10.18"]
[EventType "swiss"]
[EventCountry "RUS"]
[SourceTitle "playchess.com"]
[Source "ChessBase"]
[SourceQuality "1"]
[TimeControl "900+10"]

1. d4 {[%emt 0:00:00]} d5 {[%emt 0:00:00]} 2. c4 {[%emt 0:00:00]} c6 {[%emt 0:00:00]} 3. Nf3 {[%emt 0:00:00]} Nf6 {[%emt 0:00:00]} 4. Nc3 {[%emt 0:00:00]} e6 {[%emt 0:00:00]} 5. cxd5 {[%emt 0:00:03]} exd5 {[%emt 0:00:00]} 6. Bg5 {[%emt 0:00:03]} Be7 {[%emt 0:00:23]} 7. Qc2 {[%emt 0:00:08]} g6 {[%emt 0:00:44]} 8. e3 {[%emt 0:00:04]} Bf5 {[%emt 0:00:04]} 9. Bd3 {[%emt 0:00:03]} Bxd3 {[%emt 0:00:06]} 10. Qxd3 {[%emt 0:00:02]} O-O {[%emt 0:00:28]} 11. O-O {[%emt 0:00:04]} Nbd7 {[%emt 0:00:18]} 12. h3 {[%emt 0:00:24]} Re8 {[%emt 0:00:04]} 13. Bf4 {[%emt 0:00:11]} Nf8 {[%emt 0:01:27]} 14. Ne5 {[%emt 0:00:11]} N6d7 {[%emt 0:00:48]} 15. Rae1 {[%emt 0:01:59]} Nxe5 {[%emt 0:01:29]} 16. Bxe5 {[%emt 0:00:04]} Nd7 {[%emt 0:00:49]} 17. Bh2 {[%emt 0:00:05]} Nf6 {[%emt 0:00:10]} 18. Bf4 {[%emt 0:01:15]} Nh5 {[%emt 0:01:32]} 19. Be5 {[%emt 0:00:27]} Bf6 {[%emt 0:00:26]} 20. Bh2 {[%emt 0:00:22]} Bg7 {[%emt 0:00:11]} 21. b4 {[%emt 0:00:07]} Nf6 {[%emt 0:01:05]} 22. b5 {[%emt 0:00:08]} Qa5 {[%emt 0:01:00]} 23. Rb1 {[%emt 0:00:55]} Rac8 {[%emt 0:00:32]} 24. Rb3 {[%emt 0:00:47]} c5 {[%emt 0:02:51]} 25. dxc5 {[%emt 0:00:43]} Rxc5 {[%emt 0:00:01]} 26. Bd6 {[%emt 0:00:29]} Rcc8 {[%emt 0:01:26]} 27. Bb4 {[%emt 0:01:07]} Qd8 {[%emt 0:00:33]} 28. Rd1 {[%emt 0:00:28]} d4 {[%emt 0:01:54]} 29. Qxd4 {[%emt 0:00:40]} Qxd4 {[%emt 0:00:17]} 30. exd4 {[%emt 0:00:02]} Ne4 {[%emt 0:00:41]} 31. Nd5 {[%emt 0:00:10]} Rc2 {[%emt 0:00:26]} 32. Re3 {[%emt 0:00:53]} Bh6 {[%emt 0:00:15]} 33. Rxe4 {[%emt 0:00:03]} Rxe4 {[%emt 0:00:05]} 34. Nf6+ {[%emt 0:00:02]} Kg7 {[%emt 0:00:04]} 35. Nxe4 {[%emt 0:00:02]} Rxa2 {[%emt 0:00:04]} 36. d5 {[%emt 0:00:06]} f5 {[%emt 0:00:10]} 37. Bc3+ {[%emt 0:00:16]} Kf7 {[%emt 0:00:04]} 38. Nd6+ {[%emt 0:00:03]} Ke7 {[%emt 0:00:04]} 39. Nxb7 {[%emt 0:00:02]} Rc2 {[%emt 0:00:12]} 40. d6+ {[%emt 0:00:03]} Kd7 {[%emt 0:00:02]} 41. Nc5+ {[%emt 0:00:03]} 1-0

[Event "RUS-chT Women Rapid 2019"]
[Site "Sochi"]
[Date "2019.10.19"]
[Round "9.1"]
[White "Badelka, Olga"]
[Black "Voit, Daria"]
[Result "1/2-1/2"]
[WhiteElo "2300"]
[BlackElo "2336"]
[Annotator "NA"]
[PlyCount "67"]
[EventDate "2019.10.18"]
[EventType "swiss"]
[EventCountry "RUS"]
[SourceTitle "playchess.com"]
[Source "ChessBase"]
[SourceQuality "1"]
[TimeControl "900+10"]

1. d4 {[%emt 0:00:00]} Nf6 {[%emt 0:00:00]} 2. c4 {[%emt 0:00:00]} e6 {[%emt 0:00:00]} 3. Nc3 {[%emt 0:00:00]} Bb4 {[%emt 0:00:00]} 4. Bd2 {[%emt 0:00:00]} d5 {[%emt 0:00:13]} 5. e3 {[%emt 0:00:05]} O-O {[%emt 0:00:04]} 6. Nf3 {[%emt 0:00:07]} c5 {[%emt 0:00:01]} 7. cxd5 {[%emt 0:00:20]} cxd4 {[%emt 0:00:39]} 8. Nxd4 {[%emt 0:00:02]} Nxd5 {[%emt 0:00:26]} 9. Rc1 {[%emt 0:00:49]} Bxc3 {[%emt 0:01:01]} 10. Bxc3 {[%emt 0:00:03]} Bd7 {[%emt 0:00:06]} 11. Be2 {[%emt 0:01:59]} Nc6 {[%emt 0:00:50]} 12. Bf3 {[%emt 0:01:21]} Nxc3 {[%emt 0:00:27]} 13. Rxc3 {[%emt 0:00:04]} Ne5 {[%emt 0:05:15]} 14. Be4 {[%emt 0:01:05]} Qb6 {[%emt 0:01:03]} 15. O-O {[%emt 0:05:25]} Qxb2 {[%emt 0:01:29]} 16. Rc7 {[%emt 0:00:10]} f5 {[%emt 0:00:48]} 17. Rxb7 {[%emt 0:01:16]} Qxa2 {[%emt 0:00:10]} 18. Nxf5 {[%emt 0:00:29]} Rxf5 {[%emt 0:00:39]} 19. Bxf5 {[%emt 0:01:36]} exf5 {[%emt 0:00:03]} 20. Rxd7 {[%emt 0:02:42]} Nxd7 {[%emt 0:00:02]} 21. Qxd7 {[%emt 0:00:01]} a5 {[%emt 0:01:25]} 22. Qxf5 {[%emt 0:00:07]} a4 {[%emt 0:00:03]} 23. Qe4 {[%emt 0:00:01]} Rf8 {[%emt 0:00:02]} 24. Qb1 {[%emt 0:00:27]} Qd2 {[%emt 0:01:59]} 25. Qa1 {[%emt 0:00:03]} Qc2 {[%emt 0:00:11]} 26. h3 {[%emt 0:00:21]} h6 {[%emt 0:00:52]} 27. Qa3 {[%emt 0:00:33]} Rd8 {[%emt 0:00:44]} 28. Qa1 {[%emt 0:00:19]} Rf8 29. Qd1 {[%emt 0:00:01]} Qa2 {[%emt 0:00:35]} 30. Qb1 {[%emt 0:00:19]} Qd2 {[%emt 0:00:12]} 31. Qd1 {[%emt 0:00:01]} Rxf2 {[%emt 0:00:01]} 32. Qxd2 {[%emt 0:00:10]} Rxd2 {[%emt 0:00:10]} 33. Ra1 {[%emt 0:00:00]} Rd3 34. Rxa4 {[%emt 0:00:08]} 1/2-1/2

[Event "RUS-chT Women Rapid 2019"]
[Site "Sochi"]
[Date "2019.10.19"]
[Round "9.2"]
[White "Tomilova, Elena"]
[Black "Sukhareva, Evgeniya"]
[Result "1-0"]
[WhiteElo "2345"]
[BlackElo "2219"]
[Annotator "NA"]
[PlyCount "67"]
[EventDate "2019.10.18"]
[EventType "swiss"]
[EventCountry "RUS"]
[SourceTitle "playchess.com"]
[Source "ChessBase"]
[SourceQuality "1"]
[TimeControl "900+10"]

1. c4 {[%emt 0:00:00]} e5 {[%emt 0:00:00]} 2. g3 {[%emt 0:00:00]} Nf6 {[%emt 0:00:00]} 3. Bg2 {[%emt 0:00:00]} c6 {[%emt 0:00:08]} 4. Nf3 {[%emt 0:00:03]} Qc7 {[%emt 0:00:10]} 5. O-O {[%emt 0:00:46]} d6 {[%emt 0:00:16]} 6. Nc3 {[%emt 0:00:24]} g6 {[%emt 0:00:11]} 7. d3 {[%emt 0:00:10]} Bg7 {[%emt 0:00:04]} 8. Rb1 {[%emt 0:00:02]} a5 {[%emt 0:00:17]} 9. a3 {[%emt 0:00:10]} O-O {[%emt 0:00:20]} 10. b4 {[%emt 0:00:10]} axb4 {[%emt 0:00:05]} 11. axb4 {[%emt 0:00:01]} d5 {[%emt 0:00:35]} 12. cxd5 {[%emt 0:04:01]} cxd5 {[%emt 0:00:18]} 13. Qb3 {[%emt 0:00:09]} Be6 {[%emt 0:01:02]} 14. Ng5 {[%emt 0:00:21]} Qd7 {[%emt 0:01:01]} 15. Nxe6 {[%emt 0:00:28]} fxe6 {[%emt 0:00:02]} 16. b5 {[%emt 0:00:19]} Qe7 {[%emt 0:00:31]} 17. Na4 {[%emt 0:00:51]} Qc7 {[%emt 0:00:23]} 18. Ba3 {[%emt 0:01:02]} Re8 {[%emt 0:00:15]} 19. Bb4 {[%emt 0:00:52]} Nbd7 {[%emt 0:00:43]} 20. Rfc1 {[%emt 0:00:26]} Qb8 {[%emt 0:00:47]} 21. Bh3 {[%emt 0:00:41]} e4 {[%emt 0:02:27]} 22. d4 {[%emt 0:00:38]} e3 {[%emt 0:00:49]} 23. f3 {[%emt 0:00:46]} Nh5 {[%emt 0:00:28]} 24. Nc5 {[%emt 0:02:48]} Nxc5 {[%emt 0:03:15]} 25. dxc5 {[%emt 0:00:02]} Nxg3 {[%emt 0:00:11]} 26. Qd3 {[%emt 0:01:04]} Qf4 {[%emt 0:01:56]} 27. Be1 {[%emt 0:00:09]} Nh5 {[%emt 0:00:08]} 28. Rb4 {[%emt 0:00:29]} Qh6 {[%emt 0:01:57]} 29. c6 {[%emt 0:01:05]} Be5 {[%emt 0:00:24]} 30. cxb7 {[%emt 0:00:22]} Rab8 {[%emt 0:00:05]} 31. Rc8 {[%emt 0:00:10]} Nf4 {[%emt 0:00:18]} 32. Rxf4 {[%emt 0:00:03]} Bxf4 {[%emt 0:00:12]} 33. Bxe6+ {[%emt 0:00:06]} Kh8 {[%emt 0:00:58]} 34. Bc3+ {[%emt 0:00:10]} 1-0

[Event "RUS-chT Women Rapid 2019"]
[Site "Sochi"]
[Date "2019.10.19"]
[Round "9.3"]
[White "Chan, Naruna"]
[Black "Gritsayeva, Oksana"]
[Result "1/2-1/2"]
[WhiteElo "1890"]
[BlackElo "2370"]
[Annotator "NA"]
[PlyCount "107"]
[EventDate "2019.10.18"]
[EventType "swiss"]
[EventCountry "RUS"]
[SourceTitle "playchess.com"]
[Source "ChessBase"]
[SourceQuality "1"]
[TimeControl "900+10"]

1. e4 {[%emt 0:00:00]} d6 {[%emt 0:00:00]} 2. d4 {[%emt 0:00:00]} Nf6 {[%emt 0:00:00]} 3. Nc3 {[%emt 0:00:00]} e5 {[%emt 0:00:00]} 4. dxe5 {[%emt 0:00:10]} dxe5 {[%emt 0:00:00]} 5. Qxd8+ {[%emt 0:00:04]} Kxd8 {[%emt 0:00:00]} 6. Bg5 {[%emt 0:00:23]} Be6 {[%emt 0:01:03]} 7. O-O-O+ {[%emt 0:00:06]} Nbd7 {[%emt 0:00:01]} 8. Nd5 {[%emt 0:04:01]} Be7 {[%emt 0:02:23]} 9. Nxe7 {[%emt 0:00:19]} Kxe7 {[%emt 0:00:01]} 10. f3 {[%emt 0:00:15]} Rhd8 {[%emt 0:00:53]} 11. Ne2 {[%emt 0:00:41]} Nb6 {[%emt 0:02:47]} 12. Nc3 {[%emt 0:00:18]} Rxd1+ {[%emt 0:00:05]} 13. Nxd1 {[%emt 0:00:02]} h6 {[%emt 0:00:11]} 14. Bh4 {[%emt 0:00:20]} Kf8 {[%emt 0:00:53]} 15. Ne3 {[%emt 0:02:48]} Ne8 {[%emt 0:00:20]} 16. Be2 {[%emt 0:00:23]} Nd6 {[%emt 0:00:11]} 17. Rd1 {[%emt 0:00:16]} f6 {[%emt 0:00:08]} 18. b3 {[%emt 0:00:39]} Ke7 {[%emt 0:00:21]} 19. c4 {[%emt 0:00:22]} c5 {[%emt 0:01:19]} 20. Nd5+ {[%emt 0:00:32]} Nxd5 {[%emt 0:00:24]} 21. cxd5 {[%emt 0:00:30]} Bd7 {[%emt 0:00:10]} 22. Kb2 {[%emt 0:00:51]} Rc8 {[%emt 0:00:14]} 23. Rc1 {[%emt 0:00:19]} b6 {[%emt 0:01:08]} 24. Bd3 {[%emt 0:00:28]} Bb5 {[%emt 0:00:34]} 25. Bxb5 {[%emt 0:01:59]} Nxb5 {[%emt 0:00:01]} 26. Bf2 {[%emt 0:00:01]} Kd7 {[%emt 0:00:20]} 27. g3 {[%emt 0:00:06]} Nd6 {[%emt 0:00:08]} 28. Kc3 {[%emt 0:00:36]} Rf8 {[%emt 0:00:22]} 29. g4 {[%emt 0:01:09]} g6 {[%emt 0:00:46]} 30. Bg3 {[%emt 0:00:42]} Re8 {[%emt 0:01:33]} 31. Kd3 {[%emt 0:00:13]} h5 {[%emt 0:01:00]} 32. gxh5 {[%emt 0:00:31]} gxh5 {[%emt 0:00:02]} 33. Bh4 {[%emt 0:00:01]} f5 {[%emt 0:00:33]} 34. Rg1 {[%emt 0:00:05]} fxe4+ {[%emt 0:00:15]} 35. fxe4 {[%emt 0:00:01]} Rf8 {[%emt 0:00:07]} 36. Ke3 {[%emt 0:00:26]} b5 {[%emt 0:01:10]} 37. Rg7+ {[%emt 0:00:22]} Rf7 {[%emt 0:00:02]} 38. Rg5 {[%emt 0:00:22]} Rf4 {[%emt 0:00:13]} 39. Rxh5 {[%emt 0:00:01]} Rxe4+ {[%emt 0:00:03]} 40. Kf3 {[%emt 0:00:14]} Rf4+ {[%emt 0:00:05]} 41. Ke2 {[%emt 0:00:10]} Rd4 {[%emt 0:00:19]} 42. Bg3 {[%emt 0:00:21]} Rxd5 {[%emt 0:01:12]} 43. Rxe5 {[%emt 0:00:21]} Rxe5+ {[%emt 0:00:14]} 44. Bxe5 {[%emt 0:00:01]} Nf5 {[%emt 0:00:05]} 45. Kd3 {[%emt 0:00:15]} Ke6 {[%emt 0:00:02]} 46. Ke4 {[%emt 0:00:11]} a6 {[%emt 0:00:06]} 47. Bc7 {[%emt 0:00:36]} c4 {[%emt 0:00:45]} 48. bxc4 {[%emt 0:00:10]} bxc4 {[%emt 0:00:02]} 49. Bd8 {[%emt 0:00:04]} Nd6+ {[%emt 0:00:19]} 50. Kd4 {[%emt 0:00:07]} Kd7 {[%emt 0:00:02]} 51. Bg5 {[%emt 0:00:13]} Kc6 {[%emt 0:00:17]} 52. h4 {[%emt 0:00:17]} Nf5+ {[%emt 0:00:02]} 53. Kxc4 {[%emt 0:00:03]} Nxh4 {[%emt 0:00:12]} 54. Bxh4 {[%emt 0:00:01]} 1/2-1/2

[Event "RUS-chT Women Rapid 2019"]
[Site "Sochi"]
[Date "2019.10.19"]
[Round "9.4"]
[White "Vasilevich, Tatjana"]
[Black "Dumcheva, Julia"]
[Result "0-1"]
[WhiteElo "2360"]
[BlackElo "2152"]
[Annotator "NA"]
[PlyCount "128"]
[EventDate "2019.10.18"]
[EventType "swiss"]
[EventCountry "RUS"]
[SourceTitle "playchess.com"]
[Source "ChessBase"]
[SourceQuality "1"]
[TimeControl "900+10"]

1. d4 {[%emt 0:00:00]} Nf6 {[%emt 0:00:00]} 2. c4 {[%emt 0:00:00]} g6 {[%emt 0:00:00]} 3. Nc3 {[%emt 0:00:00]} Bg7 {[%emt 0:00:00]} 4. e4 {[%emt 0:00:00]} d6 {[%emt 0:00:00]} 5. f3 {[%emt 0:00:00]} O-O {[%emt 0:00:36]} 6. Nge2 {[%emt 0:00:00]} e5 {[%emt 0:00:06]} 7. Be3 {[%emt 0:00:00]} c6 {[%emt 0:00:12]} 8. d5 {[%emt 0:00:05]} c5 {[%emt 0:00:24]} 9. Ng3 {[%emt 0:00:31]} Ne8 {[%emt 0:00:47]} 10. Qd2 {[%emt 0:03:01]} f5 {[%emt 0:00:08]} 11. exf5 {[%emt 0:00:43]} gxf5 {[%emt 0:00:16]} 12. Bg5 {[%emt 0:00:16]} Qd7 {[%emt 0:01:19]} 13. Bd3 {[%emt 0:01:50]} Qf7 {[%emt 0:00:48]} 14. O-O-O {[%emt 0:01:55]} Bd7 {[%emt 0:01:19]} 15. Bh6 {[%emt 0:01:41]} Qg6 {[%emt 0:00:31]} 16. Bxg7 {[%emt 0:00:12]} Nxg7 {[%emt 0:00:04]} 17. f4 {[%emt 0:00:43]} e4 {[%emt 0:00:40]} 18. Be2 {[%emt 0:00:02]} a6 {[%emt 0:00:22]} 19. Kb1 {[%emt 0:00:17]} b5 {[%emt 0:00:35]} 20. cxb5 {[%emt 0:00:56]} axb5 {[%emt 0:00:02]} 21. Bxb5 {[%emt 0:01:01]} Bxb5 {[%emt 0:00:11]} 22. Nxb5 {[%emt 0:00:01]} Na6 {[%emt 0:00:02]} 23. a3 {[%emt 0:02:12]} Rfb8 {[%emt 0:00:15]} 24. Nc3 {[%emt 0:00:13]} Rb3 {[%emt 0:02:20]} 25. Rc1 {[%emt 0:00:05]} Rab8 {[%emt 0:00:11]} 26. Ka2 {[%emt 0:01:11]} Qf6 {[%emt 0:02:01]} 27. Rc2 {[%emt 0:00:34]} c4 {[%emt 0:01:58]} 28. Qe2 {[%emt 0:01:24]} Qd4 {[%emt 0:01:29]} 29. Rd1 {[%emt 0:00:12]} Qb6 {[%emt 0:01:03]} 30. Na4 {[%emt 0:00:21]} Rxa3+ {[%emt 0:01:11]} 31. bxa3 {[%emt 0:00:07]} Qb3+ {[%emt 0:00:04]} 32. Ka1 {[%emt 0:00:00]} Qxa4 {[%emt 0:00:12]} 33. Qxc4 {[%emt 0:00:24]} Nb4 {[%emt 0:00:05]} 34. Rc3 {[%emt 0:00:27]} Qxd1+ {[%emt 0:00:08]} 35. Rc1 {[%emt 0:00:03]} Qa4 {[%emt 0:00:08]} 36. Rc3 {[%emt 0:00:12]} Ra8 {[%emt 0:00:15]} 37. Ne2 {[%emt 0:00:09]} Nd3 {[%emt 0:00:31]} 38. Qxa4 {[%emt 0:00:16]} Rxa4 {[%emt 0:00:03]} 39. Rc8+ {[%emt 0:00:11]} Kf7 {[%emt 0:00:03]} 40. Rc7+ {[%emt 0:00:04]} Kf6 {[%emt 0:00:12]} 41. Rc6 {[%emt 0:00:06]} Rxa3+ {[%emt 0:00:12]} 42. Kb1 {[%emt 0:00:01]} Ne8 {[%emt 0:00:15]} 43. Rc8 {[%emt 0:00:08]} Ke7 {[%emt 0:00:11]} 44. Nd4 {[%emt 0:00:03]} Kd7 {[%emt 0:00:14]} 45. Rb8 {[%emt 0:00:05]} Nxf4 {[%emt 0:00:35]} 46. Rb7+ {[%emt 0:00:19]} Nc7 {[%emt 0:00:08]} 47. Rxc7+ {[%emt 0:00:32]} Kxc7 {[%emt 0:00:06]} 48. Nb5+ {[%emt 0:00:01]} Kd7 {[%emt 0:00:17]} 49. Nxa3 {[%emt 0:00:01]} Nxd5 {[%emt 0:00:01]} 50. Nc4 {[%emt 0:00:09]} Ke6 {[%emt 0:00:08]} 51. Kc2 {[%emt 0:00:05]} f4 {[%emt 0:00:09]} 52. Kd2 {[%emt 0:00:05]} Nf6 {[%emt 0:00:07]} 53. Kc3 {[%emt 0:00:42]} d5 {[%emt 0:00:05]} 54. Nd2 {[%emt 0:00:11]} Ke5 {[%emt 0:00:04]} 55. Nb3 {[%emt 0:00:06]} Ng4 {[%emt 0:00:15]} 56. Nc5 {[%emt 0:00:11]} Nxh2 {[%emt 0:00:07]} 57. Nd7+ {[%emt 0:00:01]} Kd6 {[%emt 0:00:09]} 58. Nf6 {[%emt 0:00:02]} Ke5 {[%emt 0:00:22]} 59. Nd7+ {[%emt 0:00:06]} Kf5 {[%emt 0:00:08]} 60. Kd4 {[%emt 0:00:01]} e3 {[%emt 0:00:04]} 61. Nc5 {[%emt 0:00:34]} e2 {[%emt 0:00:26]} 62. Nd3 {[%emt 0:00:03]} f3 {[%emt 0:00:05]} 63. Ke3 {[%emt 0:00:27]} fxg2 {[%emt 0:00:04]} 64. Kf2 {[%emt 0:00:00]} Nf3 {[%emt 0:00:06]} 0-1

[Event "RUS-chT Women Rapid 2019"]
[Site "Sochi"]
[Date "2019.10.19"]
[Round "9.5"]
[White "Borisova, Ekaterina"]
[Black "Pogonina, Natalija"]
[Result "0-1"]
[WhiteElo "2118"]
[BlackElo "2479"]
[Annotator "ChessBase"]
[PlyCount "84"]
[EventDate "2019.10.18"]
[EventType "swiss"]
[EventCountry "RUS"]
[SourceTitle "playchess.com"]
[Source "ChessBase"]
[SourceQuality "1"]
[TimeControl "900+10"]

1. d4 {[%emt 0:00:00]} d5 {[%emt 0:00:00]} 2. c4 {[%emt 0:00:00]} e6 {[%emt 0:00:00]} 3. Nf3 {[%emt 0:00:00]} Nf6 {[%emt 0:00:00]} 4. g3 {[%emt 0:00:00]} Bb4+ {[%emt 0:00:00]} 5. Bd2 {[%emt 0:00:03]} Bd6 {[%emt 0:00:00]} 6. Nc3 {[%emt 0:00:08]} c6 {[%emt 0:00:31]} 7. Bg5 {[%emt 0:00:05]} h6 {[%emt 0:00:13]} 8. Bxf6 Qxf6 {[%emt 0:00:02]} 9. Bg2 {[%emt 0:00:15]} O-O {[%emt 0:00:48]} 10. O-O {[%emt 0:00:02]} Qe7 {[%emt 0:00:02]} 11. e4 {[%emt 0:00:41]} dxc4 {[%emt 0:00:40]} 12. a4 {[%emt 0:00:09]} Nd7 {[%emt 0:02:54]} 13. Qe2 {[%emt 0:00:25]} e5 {[%emt 0:00:38]} 14. d5 {[%emt 0:00:10]} Nf6 {[%emt 0:00:03]} 15. dxc6 {[%emt 0:00:40]} bxc6 {[%emt 0:01:38]} 16. Qxc4 {[%emt 0:00:03]} Be6 {[%emt 0:00:11]} 17. Qe2 {[%emt 0:00:01]} Rab8 {[%emt 0:00:18]} 18. Rfd1 {[%emt 0:00:40]} Rb4 {[%emt 0:00:07]} 19. Rd2 {[%emt 0:00:27]} Bc4 {[%emt 0:00:38]} 20. Qd1 {[%emt 0:00:26]} Bb3 {[%emt 0:00:25]} 21. Qe2 {[%emt 0:00:08]} Rfb8 {[%emt 0:00:05]} 22. a5 {[%emt 0:03:00]} Bc5 {[%emt 0:00:41]} 23. Rb1 {[%emt 0:01:56]} Bc4 {[%emt 0:00:24]} 24. Qd1 {[%emt 0:00:05]} Ng4 {[%emt 0:00:46]} 25. h3 {[%emt 0:01:33]} Nxf2 {[%emt 0:00:11]} 26. Rxf2 {[%emt 0:00:01]} Rxb2 {[%emt 0:00:13]} 27. Nd2 {[%emt 0:00:10]} Rxb1 {[%emt 0:01:14]} 28. Ncxb1 {[%emt 0:00:14]} Bd3 {[%emt 0:01:37]} 29. Bf3 {[%emt 0:01:09]} Bxb1 {[%emt 0:00:25]} 30. Nxb1 {[%emt 0:00:02]} Rb2 {[%emt 0:00:05]} 31. Nd2 {[%emt 0:01:26]} Qd6 {[%emt 0:02:04]} 32. Kf1 {[%emt 0:00:19]} Bxf2 {[%emt 0:00:05]} 33. Nc4 {[%emt 0:00:01]} Qxd1+ {[%emt 0:00:10]} 34. Bxd1 {[%emt 0:00:02]} Rb1 {[%emt 0:00:04]} 35. Ke2 {[%emt 0:00:01]} Bxg3 {[%emt 0:00:12]} 36. Bc2 {[%emt 0:00:03]} Rb4 {[%emt 0:00:11]} 37. Kd3 {[%emt 0:00:02]} Kf8 {[%emt 0:00:14]} 38. a6 {[%emt 0:00:02]} Ke7 {[%emt 0:00:14]} 39. Na5 {[%emt 0:00:05]} Rb6 {[%emt 0:00:25]} 40. Ba4 {[%emt 0:00:10]} Rxa6 {[%emt 0:00:09]} 41. Nxc6+ {[%emt 0:00:02]} Kd6 {[%emt 0:00:06]} 42. Bb5 {[%emt 0:00:01]} Rxc6 {[%emt 0:00:03]} 0-1

[Event "RUS-chT Women Rapid 2019"]
[Site "Sochi"]
[Date "2019.10.19"]
[Round "9.6"]
[White "Girya, Olga"]
[Black "Danilova, Rada"]
[Result "1-0"]
[WhiteElo "2476"]
[BlackElo "1843"]
[Annotator "ChessBase"]
[PlyCount "173"]
[EventDate "2019.10.18"]
[EventType "swiss"]
[EventCountry "RUS"]
[SourceTitle "playchess.com"]
[Source "ChessBase"]
[SourceQuality "1"]
[TimeControl "900+10"]

1. d4 {[%emt 0:00:00]} Nf6 {[%emt 0:00:00]} 2. c4 {[%emt 0:00:00]} e6 {[%emt 0:00:00]} 3. Nf3 {[%emt 0:00:00]} b6 {[%emt 0:00:00]} 4. g3 {[%emt 0:00:00]} Bb7 {[%emt 0:00:00]} 5. Bg2 {[%emt 0:00:00]} Be7 {[%emt 0:00:02]} 6. O-O {[%emt 0:00:07]} O-O {[%emt 0:00:03]} 7. Nc3 {[%emt 0:00:28]} Ne4 {[%emt 0:00:04]} 8. Bd2 {[%emt 0:00:01]} f5 {[%emt 0:00:06]} 9. Ne5 {[%emt 0:00:04]} Bf6 {[%emt 0:00:18]} 10. Nxe4 {[%emt 0:00:54]} Bxe4 {[%emt 0:00:12]} 11. f3 {[%emt 0:01:44]} Bxe5 {[%emt 0:01:14]} 12. dxe5 {[%emt 0:02:09]} Bb7 {[%emt 0:01:11]} 13. Bc3 {[%emt 0:00:01]} Qe7 {[%emt 0:00:47]} 14. Qd2 {[%emt 0:01:31]} a5 {[%emt 0:00:47]} 15. Rfd1 {[%emt 0:01:07]} Bc6 {[%emt 0:01:23]} 16. b4 {[%emt 0:02:19]} Ba4 {[%emt 0:00:04]} 17. Rdb1 {[%emt 0:00:01]} axb4 {[%emt 0:02:02]} 18. Bxb4 {[%emt 0:00:02]} c5 {[%emt 0:00:01]} 19. Bc3 {[%emt 0:00:01]} Ra6 {[%emt 0:00:22]} 20. Rb2 {[%emt 0:00:14]} Nc6 {[%emt 0:00:15]} 21. Rab1 {[%emt 0:00:01]} Na5 {[%emt 0:01:03]} 22. Bxa5 {[%emt 0:00:14]} bxa5 {[%emt 0:00:09]} 23. f4 {[%emt 0:00:46]} Qd8 {[%emt 0:02:46]} 24. Qe3 {[%emt 0:02:15]} Bc6 {[%emt 0:01:58]} 25. Qxc5 {[%emt 0:01:27]} Bxg2 {[%emt 0:00:02]} 26. Kxg2 {[%emt 0:00:01]} Qa8+ {[%emt 0:00:01]} 27. Rb7 {[%emt 0:01:03]} Rb8 {[%emt 0:02:17]} 28. Qc7 {[%emt 0:00:23]} Rxb7 {[%emt 0:00:13]} 29. Qxb7 {[%emt 0:00:46]} Qxb7+ {[%emt 0:00:06]} 30. Rxb7 {[%emt 0:00:01]} Rc6 {[%emt 0:00:01]} 31. Rxd7 {[%emt 0:00:24]} Rxc4 {[%emt 0:00:06]} 32. Re7 {[%emt 0:00:15]} Ra4 {[%emt 0:00:08]} 33. Rxe6 {[%emt 0:00:04]} Rxa2 {[%emt 0:00:03]} 34. Kf3 {[%emt 0:00:06]} a4 {[%emt 0:00:08]} 35. Ra6 {[%emt 0:00:05]} a3 {[%emt 0:00:22]} 36. Ra7 {[%emt 0:01:00]} Ra1 {[%emt 0:00:09]} 37. Ke3 {[%emt 0:00:14]} Kf8 {[%emt 0:00:24]} 38. Kd4 {[%emt 0:00:23]} a2 {[%emt 0:00:33]} 39. Ke3 {[%emt 0:00:31]} g6 {[%emt 0:00:14]} 40. Kf2 {[%emt 0:00:06]} Ke8 {[%emt 0:00:33]} 41. Kg2 {[%emt 0:00:01]} Kd8 {[%emt 0:00:19]} 42. Kh3 {[%emt 0:00:07]} Kc8 {[%emt 0:00:24]} 43. Kh4 {[%emt 0:00:17]} h6 {[%emt 0:00:01]} 44. Kh3 {[%emt 0:00:01]} Kb8 {[%emt 0:00:03]} 45. Ra3 {[%emt 0:00:13]} Kc7 {[%emt 0:00:22]} 46. Kg2 {[%emt 0:00:16]} Kc6 {[%emt 0:00:17]} 47. Kf2 {[%emt 0:00:10]} Kd7 {[%emt 0:00:17]} 48. Ke3 {[%emt 0:00:01]} Ke6 {[%emt 0:00:11]} 49. Ra6+ {[%emt 0:00:05]} Ke7 {[%emt 0:00:02]} 50. Kd2 {[%emt 0:00:05]} Kd7 {[%emt 0:00:09]} 51. Kc2 {[%emt 0:00:16]} Re1 {[%emt 0:00:27]} 52. Rxa2 {[%emt 0:00:04]} Rxe2+ {[%emt 0:00:02]} 53. Kb3 {[%emt 0:00:01]} Re4 {[%emt 0:00:16]} 54. Ra4 {[%emt 0:00:21]} Re2 {[%emt 0:00:06]} 55. Ra2 {[%emt 0:00:14]} Re4 {[%emt 0:00:01]} 56. Ra4 {[%emt 0:00:03]} Re2 {[%emt 0:00:01]} 57. Ra6 {[%emt 0:00:01]} Rxh2 {[%emt 0:00:15]} 58. Rxg6 {[%emt 0:00:01]} h5 {[%emt 0:00:28]} 59. Rh6 {[%emt 0:00:33]} Rh3 {[%emt 0:00:11]} 60. Kc4 {[%emt 0:00:04]} Rxg3 {[%emt 0:00:21]} 61. Rxh5 {[%emt 0:00:01]} Ke6 {[%emt 0:00:07]} 62. Rh6+ {[%emt 0:00:01]} Ke7 {[%emt 0:00:12]} 63. Rf6 {[%emt 0:00:01]} Rg1 {[%emt 0:00:09]} 64. Kd4 {[%emt 0:01:09]} Rd1+ {[%emt 0:00:13]} 65. Ke3 {[%emt 0:00:05]} Re1+ {[%emt 0:00:08]} 66. Kf2 {[%emt 0:00:07]} Ra1 {[%emt 0:00:04]} 67. Rxf5 {[%emt 0:00:06]} Ra3 {[%emt 0:00:06]} 68. Rf6 {[%emt 0:00:02]} Rb3 {[%emt 0:00:14]} 69. Ke2 {[%emt 0:00:07]} Ra3 {[%emt 0:00:04]} 70. Rd6 {[%emt 0:00:03]} Rh3 {[%emt 0:00:29]} 71. Rd3 {[%emt 0:00:10]} Rh4 {[%emt 0:00:18]} 72. Kf3 {[%emt 0:00:10]} Rh3+ {[%emt 0:00:04]} 73. Ke4 {[%emt 0:00:02]} Rh1 {[%emt 0:00:03]} 74. Ra3 {[%emt 0:00:05]} Rh5 {[%emt 0:00:22]} 75. Ra7+ {[%emt 0:00:03]} Ke8 {[%emt 0:00:08]} 76. f5 {[%emt 0:00:17]} Rh4+ {[%emt 0:00:02]} 77. Kd5 {[%emt 0:00:01]} Rb4 {[%emt 0:00:09]} 78. Kc5 {[%emt 0:00:15]} Rb1 {[%emt 0:00:09]} 79. Kc6 {[%emt 0:00:37]} Rc1+ {[%emt 0:00:15]} 80. Kd6 {[%emt 0:00:02]} Rb1 {[%emt 0:00:01]} 81. Ra8+ {[%emt 0:00:09]} Kf7 {[%emt 0:00:01]} 82. e6+ {[%emt 0:00:02]} Kf6 {[%emt 0:00:05]} 83. Rf8+ {[%emt 0:00:09]} Kg7 {[%emt 0:00:02]} 84. e7 {[%emt 0:00:06]} Rd1+ {[%emt 0:00:21]} 85. Kc5 {[%emt 0:00:02]} Rc1+ {[%emt 0:00:09]} 86. Kd4 {[%emt 0:00:02]} Rd1+ {[%emt 0:00:02]} 87. Ke4 1-0